[Event "Mitropa Cup (Women)"]
[Site "Apolda"]
[Date "2024.02.16"]
[Round "2.5"]
[White "Terbe, Julianna"]
[Black "Novosadova, Kristyna"]
[Result "1-0"]
[WhiteElo "2319"]
[BlackElo "2203"]
[PlyCount "91"]
[EventDate "2024.02.15"]
[EventType "team-tourn"]
[EventRounds "9"]
[EventCountry "GER"]
[SourceTitle "CB09_2024"]
[SourceDate "2024.02.28"]
[SourceVersion "1"]
[SourceVersionDate "2024.02.28"]
[SourceQuality "1"]
[WhiteTeam "Hungary (W)"]
[BlackTeam "Czech Republic (W)"]
[WhiteTeamCountry "HUN"]
[BlackTeamCountry "CZE"]

1. d4 Nf6 2. c4 g6 3. Nc3 d5 4. cxd5 Nxd5 5. e4 Nxc3 6. bxc3 Bg7 7. Nf3 c5 8. Bb5+ Nc6 9. Rb1 0-0 10. d5 a6 11. Be2 Ne5 12. Nxe5 Bxe5 13. 0-0 Qc7 14. Bh6 Rd8 15. Qd2 Bxh2+ 16. Kh1 Be5 17. c4 Bd7 18. Rb3 b5 19. f4 bxc4 20. fxe5 cxb3 21. Qf4 Be8 22. d6 Rxd6 23. exd6 Qxd6 24. Qf3 bxa2 25. Bc4 a1Q 26. Rxa1 Qf6 27. Qxf6 exf6 28. Bd5 Rd8 29. Rxa6 f5 30. Bg5 Rb8 31. e5 Rb1+ 32. Kh2 h6 33. Rxg6+ Kf8 34. Rxh6 Kg7 35. Rh3 Re1 36. Bf6+ Kg6 37. Rg3+ Kh6 38. Bf3 f4 39. Rg8 Bd7 40. Rh8+ Kg6 41. Bh5+ Kf5 42. Bxf7 f3 43. gxf3 Kf4 44. Rh4+ Kxf3 45. Bd5+ Ke2 46. Re4+ 1-0

[Event "Pardubice Czech op-E 34th"]
[Site "Pardubice"]
[Date "2023.07.15"]
[Round "5"]
[White "Sodoma, Jan"]
[Black "Novosadova, Kristyna"]
[Result "1/2-1/2"]
[WhiteElo "2319"]
[BlackElo "2101"]
[PlyCount "46"]
[EventDate "2023.07.13"]
[EventType "team-swiss"]
[EventRounds "7"]
[EventCountry "CZE"]
[SourceTitle "CBM 215 Extra"]
[Source "ChessBase"]
[SourceDate "2023.09.30"]
[SourceVersion "1"]
[SourceVersionDate "2023.09.30"]
[SourceQuality "1"]
[WhiteTeam "Turnov Zikuda II"]
[BlackTeam "Jundrov Jezdci"]
[WhiteTeamCountry "CZE"]
[BlackTeamCountry "CZE"]

1. Nf3 d5 2. e3 Nf6 3. c4 c6 4. d4 g6 5. Bd3 Bg7 6. 0-0 0-0 7. Nc3 dxc4 8. Bxc4 b5 9. Bb3 b4 10. Na4 Nbd7 11. Bd2 Rb8 12. Qc2 e5 13. dxe5 Ng4 14. e6 Nde5 15. exf7+ Kh8 16. Nxe5 Nxe5 17. Nc5 Qh4 18. a3 Nf3+ 19. gxf3 Be5 20. Rfe1 Qh3 21. f4 Qg4+ 22. Kh1 Qf3+ 23. Kg1 Qg4+ 1/2-1/2

[Event "Mitropa Cup (Women)"]
[Site "Mali Losinj"]
[Date "2023.04.18"]
[Round "8.19"]
[White "Karacsonyi, Kata"]
[Black "Novosadova, Kristyna"]
[Result "0-1"]
[WhiteElo "2182"]
[BlackElo "2101"]
[PlyCount "110"]
[EventDate "2023.04.11"]
[EventType "team-tourn"]
[EventRounds "9"]
[EventCountry "CRO"]
[SourceTitle "CBM 213 Extra"]
[Source "ChessBase"]
[SourceDate "2023.05.31"]
[SourceVersion "1"]
[SourceVersionDate "2023.05.31"]
[SourceQuality "1"]
[WhiteTeam "Hungary (W)"]
[BlackTeam "Czech Republic (W)"]
[WhiteTeamCountry "HUN"]
[BlackTeamCountry "CZE"]

1. e4 c5 2. Nf3 Nc6 3. d4 cxd4 4. Nxd4 Nf6 5. Nc3 e5 6. Ndb5 d6 7. Nd5 Nxd5 8. exd5 Nb8 9. c4 a6 10. Nc3 Be7 11. Be2 0-0 12. 0-0 f5 13. Kh1 g5 14. f3 a5 15. a3 Na6 16. Be3 Bd7 17. Na4 Bxa4 18. Qxa4 Nc5 19. Qc2 a4 20. Bxc5 dxc5 21. Bd3 Qd7 22. g4 fxg4 23. Bxh7+ Kh8 24. fxg4 Qxg4 25. Bf5 Qh4 26. Qe2 Kg7 27. Rf3 Qh6 28. Rh3 Rxf5 29. Rxh6 Kxh6 30. Qd3 Rf6 31. Rg1 Raf8 32. Qh3+ Kg6 33. Qd3+ Kh6 34. Qd1 Kg6 35. Qc2+ Kh6 36. Qxa4 Rf2 37. Qd7 Bf6 38. Rg3 Kg6 39. Rg2 Rf1+ 40. Rg1 Rf2 41. h3 Rh8 42. Rg3 Rh4 43. Qe6 Rxc4 44. Rg2 Rf1+ 45. Kh2 e4 46. h4 e3 47. Qg8+ Kf5 48. Qh7+ Kf4 49. Qh5 Kf5 50. Qh7+ Kf4 51. Qd7 Ke4 52. hxg5 Be5+ 53. Kh3 Kd3 54. Rg4 Rh1+ 55. Kg2 Rh2+ 0-1

[Event "Mitropa Cup (Women)"]
[Site "Mali Losinj"]
[Date "2023.04.16"]
[Round "6.2"]
[White "Novosadova, Kristyna"]
[Black "Bochnickova, Simona"]
[Result "1/2-1/2"]
[WhiteElo "2101"]
[BlackElo "2118"]
[PlyCount "102"]
[EventDate "2023.04.11"]
[EventType "team-tourn"]
[EventRounds "9"]
[EventCountry "CRO"]
[SourceTitle "CBM 213 Extra"]
[Source "ChessBase"]
[SourceDate "2023.05.31"]
[SourceVersion "1"]
[SourceVersionDate "2023.05.31"]
[SourceQuality "1"]
[WhiteTeam "Czech Republic (W)"]
[BlackTeam "Slovakia (W)"]
[WhiteTeamCountry "CZE"]
[BlackTeamCountry "SVK"]

1. d4 d5 2. c4 e6 3. cxd5 exd5 4. Nc3 Nf6 5. Bg5 Be7 6. e3 0-0 7. Bd3 c6 8. Qc2 h6 9. Bf4 Nbd7 10. Nge2 a5 11. g4 g5 12. Bg3 Nxg4 13. 0-0-0 Re8 14. Rdg1 Nf8 15. h3 Nf6 16. f4 Nh5 17. Bf2 Kh8 18. h4 g4 19. f5 Nf6 20. h5 N8h7 21. Bg3 Bd6 22. Bh4 Qc7 23. e4 dxe4 24. Nxe4 Bf4+ 25. Kb1 Nd5 26. Nxf4 Qxf4 27. Bg3 Qf3 28. Rf1 Nb4 29. Rxf3 Nxc2 30. Nd6 gxf3 31. Kxc2 Re7 32. f6 Nxf6 33. Bh4 Nd5 34. Bxe7 Nxe7 35. Nxf7+ Kg7 36. Ne5 Bf5 37. Nxf3 Kf6 38. Bxf5 Kxf5 39. Kd3 Rg8 40. Re1 Nd5 41. Nh4+ Kf6 42. Rf1+ Ke6 43. Re1+ Kd7 44. Ng6 Nf6 45. Re7+ Kd6 46. Rxb7 Nxh5 47. Ne7 Nf4+ 48. Ke4 Re8 49. Kxf4 Rxe7 50. Rb8 Re2 51. Rd8+ Kc7 1/2-1/2

[Event "CZE-chT2E 2223"]
[Site "Czech Republic"]
[Date "2023.02.05"]
[Round "8.1"]
[White "Novosadova, Kristyna"]
[Black "Gabriel, Adam"]
[Result "0-1"]
[WhiteElo "2152"]
[BlackElo "2147"]
[PlyCount "76"]
[EventDate "2022.10.16"]
[EventType "team-tourn"]
[EventRounds "11"]
[EventCountry "CZE"]
[SourceTitle "EXT 2024"]
[Source "ChessBase"]
[SourceDate "2023.10.10"]
[SourceVersion "1"]
[SourceVersionDate "2023.10.10"]
[SourceQuality "1"]
[WhiteTeam "Jundrov Jezdci II"]
[BlackTeam "Vyskov"]
[WhiteTeamCountry "CZE"]
[BlackTeamCountry "CZE"]

1. e4 c5 2. Nf3 Nc6 3. Nc3 e6 4. Bb5 Nd4 5. Bd3 a6 6. a4 Ne7 7. b3 Nec6 8. Ba3 Nb4 9. Bxb4 Nxf3+ 10. Qxf3 cxb4 11. Nd1 g6 12. Ne3 Bg7 13. Rd1 d6 14. h4 h5 15. g3 Bd7 16. 0-0 Bc6 17. Rfe1 0-0 18. Qe2 d5 19. Ng2 dxe4 20. Bxe4 Rc8 21. Nf4 Qd4 22. d3 Qc5 23. Bxg6 fxg6 24. Qxe6+ Kh8 25. Nxg6+ Kh7 26. Nf4 Rxf4 27. gxf4 Re8 28. Qf7 Rf8 29. d4 Rxf7 30. dxc5 Rxf4 31. Re7 Rxh4 32. Kf1 Bf3 33. Rxg7+ Kxg7 34. Rd7+ Kf8 35. Rd8+ Ke7 36. Rg8 Rh1+ 37. Rg1 Rxg1+ 38. Kxg1 Bd1 0-1

[Event "CZE-chT1E 2223"]
[Site "Czech Republic"]
[Date "2023.01.29"]
[Round "7.2"]
[White "Holemar, David"]
[Black "Novosadova, Kristyna"]
[Result "1-0"]
[WhiteElo "2196"]
[BlackElo "2143"]
[PlyCount "89"]
[EventDate "2022.10.08"]
[EventType "team-tourn"]
[EventRounds "11"]
[EventCountry "CZE"]
[SourceTitle "CBM 213 Extra"]
[Source "ChessBase"]
[SourceDate "2023.05.31"]
[SourceVersion "1"]
[SourceVersionDate "2023.05.31"]
[SourceQuality "1"]
[WhiteTeam "Brno Moravska Slavia II"]
[BlackTeam "Jundrov Jezdci"]
[WhiteTeamCountry "CZE"]
[BlackTeamCountry "CZE"]

1. d4 Nf6 2. Nf3 g6 3. Bg5 Ne4 4. Bf4 Bg7 5. Nbd2 d5 6. e3 Bg4 7. Be2 Nxd2 8. Qxd2 Nc6 9. h3 Bf5 10. 0-0 0-0 11. Rfd1 f6 12. Rac1 Be4 13. c4 e6 14. cxd5 Bxd5 15. b4 a6 16. Rc5 Rf7 17. Rdc1 Bf8 18. R5c2 Bxb4 19. Qd3 Bd6 20. Bxd6 Qxd6 21. Rb2 Bxf3 22. gxf3 Nd8 23. f4 c6 24. Rc5 Rd7 25. Qe4 f5 26. Qb1 Rc8 27. a4 Rcc7 28. a5 Nf7 29. h4 Qe7 30. Bc4 Nd8 31. Qa2 Qf6 32. Re5 Re7 33. f3 Qxh4 34. Bxe6+ Kh8 35. Qa3 Qg3+ 36. Rg2 Qe1+ 37. Kh2 c5 38. d5 Qh4+ 39. Kg1 Qe1+ 40. Kh2 Qh4+ 41. Kg1 Nxe6 42. d6 Rcd7 43. Qa1 Rg7 44. Rxe6 Qd8 45. Qe5 1-0

[Event "Bratislava Slovakia op"]
[Site "Bratislava"]
[Date "2022.10.02"]
[Round "9"]
[White "Novosadova, Kristyna"]
[Black "Rosol, Philip"]
[Result "1/2-1/2"]
[WhiteElo "2143"]
[BlackElo "1885"]
[PlyCount "145"]
[EventDate "2022.09.30"]
[EventType "swiss (rapid)"]
[EventRounds "9"]
[EventCountry "SVK"]
[SourceTitle "CBM 210 Extra"]
[Source "ChessBase"]
[SourceDate "2022.11.30"]
[SourceVersion "1"]
[SourceVersionDate "2022.11.30"]
[SourceQuality "1"]

1. e4 c5 2. Nf3 e6 3. d4 cxd4 4. Nxd4 Nc6 5. Nc3 Qc7 6. Be3 a6 7. Qf3 Nf6 8. 0-0-0 Be7 9. Qg3 Qxg3 10. hxg3 Ng4 11. Nxc6 bxc6 12. Re1 Nxe3 13. Rxe3 Bc5 14. Re2 Bd4 15. Na4 d5 16. c3 Ba7 17. e5 c5 18. c4 Bb7 19. Nc3 0-0-0 20. f4 h6 21. Rd2 Kc7 22. Bd3 dxc4 23. Be4 Rxd2 24. Kxd2 Rd8+ 25. Kc2 Rd4 26. Re1 Bb8 27. Re3 Bxe4+ 28. Nxe4 Kc6 29. Nd2 Bc7 30. Nf3 Rd8 31. Re4 Kd5 32. Re1 Ba5 33. Re3 Kc6 34. g4 g6 35. g5 hxg5 36. fxg5 Rd5 37. Re4 Bc7 38. Kc3 Kb5 39. a4+ Kxa4 40. Kxc4 Ka5 41. b3 Kb6 42. Rf4 Rd7 43. Rh4 Kc6 44. Rh7 a5 45. Rh8 Rd8 46. Rh4 Rb8 47. Kc3 Rb4 48. Rh7 Rf4 49. Rh1 Rg4 50. Rh7 Kd5 51. Rxf7 Bxe5+ 52. Nxe5 Kxe5 53. Ra7 Rxg5 54. Kc4 Kf4 55. Rxa5 Rxg2 56. Kb5 Rg5 57. Kc6 Rd5 58. Ra4+ Kf3 59. Rh4 g5 60. Rh6 Re5 61. Kd6 Re3 62. Kxc5 Rxb3 63. Rh3+ Kf2 64. Rxb3 g4 65. Kd4 g3 66. Rb2+ Kf3 67. Rb3+ Kf2 68. Ke4 g2 69. Rb2+ Kg3 70. Rb3+ Kf2 71. Rf3+ Ke2 72. Rg3 Kf2 73. Rg6 1/2-1/2

[Event "Bratislava Slovakia op"]
[Site "Bratislava"]
[Date "2022.10.01"]
[Round "6"]
[White "Kushko, Dmitriy"]
[Black "Novosadova, Kristyna"]
[Result "1-0"]
[WhiteElo "2302"]
[BlackElo "2143"]
[PlyCount "71"]
[EventDate "2022.09.30"]
[EventType "swiss (rapid)"]
[EventRounds "9"]
[EventCountry "SVK"]
[SourceTitle "CBM 210 Extra"]
[Source "ChessBase"]
[SourceDate "2022.11.30"]
[SourceVersion "1"]
[SourceVersionDate "2022.11.30"]
[SourceQuality "1"]

1. g3 d5 2. Nf3 Nf6 3. Bg2 g6 4. b3 Bg7 5. Bb2 c5 6. c4 d4 7. b4 Nc6 8. bxc5 e5 9. d3 0-0 10. Nbd2 Nd7 11. Nb3 f5 12. 0-0 g5 13. e3 dxe3 14. fxe3 a5 15. a4 Qe7 16. d4 e4 17. Ne1 Ra6 18. Qd2 g4 19. Nc2 Qg5 20. Bc3 h5 21. Nxa5 Nxa5 22. Bxa5 h4 23. gxh4 Qxh4 24. Bc7 Rh6 25. Bf4 Rh7 26. Nb4 Nf6 27. Qf2 Qh5 28. Nd5 Bh6 29. Qg3 Ne8 30. Rab1 Bg5 31. Bxg5 Qxg5 32. Rb6 Ng7 33. Rg6 Qd8 34. Qe5 Kf7 35. Rf6+ Kg8 36. Ne7+ 1-0

[Event "CZE-ch (Women)"]
[Site "Jaromerice nad Rokytnou"]
[Date "2022.05.25"]
[Round "5"]
[White "Trasakova, Adela"]
[Black "Novosadova, Kristyna"]
[Result "0-1"]
[WhiteElo "1842"]
[BlackElo "2147"]
[PlyCount "118"]
[EventDate "2022.05.21"]
[EventType "tourn"]
[EventRounds "9"]
[EventCountry "CZE"]
[SourceTitle "CBM 208 Extra"]
[Source "ChessBase"]
[SourceDate "2022.07.31"]
[SourceVersion "1"]
[SourceVersionDate "2022.07.31"]
[SourceQuality "1"]

1. d4 Nf6 2. Nf3 g6 3. g3 Bg7 4. Bg2 0-0 5. 0-0 d5 6. c4 dxc4 7. Na3 c3 8. bxc3 c5 9. Re1 Nc6 10. e4 cxd4 11. cxd4 b6 12. Bb2 Bb7 13. Rc1 Nb4 14. Qb3 a5 15. Ne5 Nd7 16. Red1 Nxe5 17. dxe5 Qb8 18. Nc4 Bc8 19. a3 Be6 20. axb4 b5 21. bxa5 Bxc4 22. Qb4 Bxe5 23. Bxe5 Qxe5 24. Bf1 Rfc8 25. Bxc4 bxc4 26. Rxc4 Rcb8 27. Qc3 Qxc3 28. Rxc3 Rxa5 29. Rd7 Re5 30. Rc4 Rb1+ 31. Kg2 Re1 32. Rdd4 g5 33. g4 Kg7 34. Kf3 h5 35. h3 h4 36. Rd3 Rb5 37. Rd5 Rxd5 38. exd5 Rh1 39. Kg2 Rd1 40. Rc5 f6 41. Rb5 Kf7 42. Ra5 Rd3 43. Rb5 Ke8 44. Rb4 Kd7 45. f4 gxf4 46. Rxf4 Rxd5 47. Rf2 Kd6 48. Re2 e5 49. Rf2 Ke6 50. Kf1 Rd3 51. Kg2 e4 52. Rf5 Rg3+ 53. Kf2 Rxh3 54. Rh5 Rf3+ 55. Ke2 h3 56. g5 f5 57. Rh6+ Ke5 58. Ke1 Rg3 59. Kf2 f4 0-1

[Event "CZE-ch (Women)"]
[Site "Jaromerice nad Rokytnou"]
[Date "2022.05.21"]
[Round "1"]
[White "Novosadova, Kristyna"]
[Black "Lhotska, Anna"]
[Result "1-0"]
[WhiteElo "2147"]
[BlackElo "2029"]
[PlyCount "65"]
[EventDate "2022.05.21"]
[EventType "tourn"]
[EventRounds "9"]
[EventCountry "CZE"]
[SourceTitle "CBM 208 Extra"]
[Source "ChessBase"]
[SourceDate "2022.07.31"]
[SourceVersion "1"]
[SourceVersionDate "2022.07.31"]
[SourceQuality "1"]

1. e4 c5 2. Nf3 d6 3. d4 cxd4 4. Nxd4 Nf6 5. Nc3 a6 6. Bg5 Nbd7 7. f4 Qc7 8. Qf3 h6 9. Bxf6 Nxf6 10. f5 Qc5 11. 0-0-0 g5 12. fxg6 Bg4 13. gxf7+ Kxf7 14. Qd3 Bxd1 15. Qxd1 Bg7 16. e5 dxe5 17. Nb3 Qe3+ 18. Nd2 Rhd8 19. Bc4+ Ke8 20. Re1 Qg5 21. Qe2 Rd4 22. Bd3 Rad8 23. Kb1 Qg4 24. Nf3 Rb4 25. a3 Rb6 26. h3 Qe6 27. Nxe5 Nd5 28. Qh5+ Kf8 29. Nxd5 Rxd5 30. Qf3+ Kg8 31. Bc4 Rxb2+ 32. Kxb2 Rb5+ 33. Ka2 1-0

[Event "CZE-ch Rapid (Women)"]
[Site "Ceska Trebova"]
[Date "2022.05.14"]
[Round "1"]
[White "Leksova, Sona"]
[Black "Novosadova, Kristyna"]
[Result "0-1"]
[WhiteElo "1685"]
[BlackElo "2147"]
[PlyCount "64"]
[EventDate "2022.05.14"]
[EventType "swiss (rapid)"]
[EventRounds "9"]
[EventCountry "CZE"]
[SourceTitle "CBM 208 Extra"]
[Source "ChessBase"]
[SourceDate "2022.07.31"]
[SourceVersion "1"]
[SourceVersionDate "2022.07.31"]
[SourceQuality "1"]

1. e4 e5 2. Nf3 Nc6 3. Bb5 a6 4. Bxc6 dxc6 5. h3 Qf6 6. d4 exd4 7. Bg5 Qg6 8. Qxd4 Be6 9. Nbd2 f6 10. Bh4 c5 11. Qe3 0-0-0 12. Bg3 Bd6 13. Nh4 Qh5 14. Bxd6 Rxd6 15. Nhf3 Ne7 16. 0-0-0 b6 17. g4 Qe8 18. Qa3 Qb5 19. Rhe1 Ng6 20. e5 fxe5 21. Nxe5 Nxe5 22. Rxe5 Rhd8 23. Qc3 Rxd2 24. Qxd2 Rxd2 25. Rxd2 Bxa2 26. b3 Bxb3 27. cxb3 Qxb3 28. Re3 Qc4+ 29. Rc2 Qf4 30. Kb1 c4 31. Re7 b5 32. Rxg7 b4 0-1

[Event "CZE-ch Rapid (Women)"]
[Site "Ceska Trebova"]
[Date "2022.05.14"]
[Round "9"]
[White "Movsesian, Julia"]
[Black "Novosadova, Kristyna"]
[Result "1-0"]
[WhiteElo "2313"]
[BlackElo "2147"]
[PlyCount "101"]
[EventDate "2022.05.14"]
[EventType "swiss (rapid)"]
[EventRounds "9"]
[EventCountry "CZE"]
[SourceTitle "CBM 208 Extra"]
[Source "ChessBase"]
[SourceDate "2022.07.31"]
[SourceVersion "1"]
[SourceVersionDate "2022.07.31"]
[SourceQuality "1"]

1. e4 e5 2. Nf3 Nc6 3. Bc4 Nf6 4. d3 Be7 5. 0-0 0-0 6. Re1 h6 7. c3 Re8 8. Nbd2 Bf8 9. h3 g6 10. Nf1 Bg7 11. Bb3 d5 12. Qe2 a5 13. a4 d4 14. Ng3 Be6 15. Bc2 Kh7 16. Bd2 Nd7 17. Rad1 f5 18. cxd4 exd4 19. h4 fxe4 20. Nxe4 Kh8 21. h5 Bg4 22. hxg6 Nde5 23. Bf4 Bxf3 24. gxf3 Rf8 25. Bg3 Nxf3+ 26. Kg2 Nxe1+ 27. Rxe1 Ra6 28. Qh5 Rb6 29. Nc5 Rxb2 30. Ne6 Qe7 31. Bd1 Nd8 32. Nxg7 Qxg7 33. Bf3 Rb6 34. Be5 Rbf6 35. Bxf6 Rxf6 36. Re8+ Rf8 37. Re7 Rf7 38. Rxf7 Nxf7 39. Bxb7 Ne5 40. Be4 Nd7 41. Qf5 Nf6 42. Qc8+ Qg8 43. Qxc7 Nxe4 44. Qe5+ Qg7 45. Qxe4 Qd7 46. Qe5+ Kg8 47. Kg3 Qd8 48. f4 Qd7 49. f5 h5 50. Qe6+ Qxe6 51. fxe6 1-0

[Event "Pobeskydy op 41st"]
[Site "Frydek Mistek"]
[Date "2022.04.17"]
[Round "8"]
[White "Novosadova, Kristyna"]
[Black "Mach, Petr"]
[Result "1-0"]
[WhiteElo "2163"]
[BlackElo "1981"]
[PlyCount "43"]
[EventDate "2022.04.14"]
[EventType "swiss"]
[EventRounds "9"]
[EventCountry "CZE"]
[SourceTitle "CBM 207 Extra"]
[Source "ChessBase"]
[SourceDate "2022.05.31"]
[SourceVersion "1"]
[SourceVersionDate "2022.05.31"]
[SourceQuality "1"]

1. e4 d5 2. exd5 Nf6 3. d4 Nxd5 4. c4 Nb6 5. Nf3 g6 6. Nc3 Bg7 7. h3 0-0 8. Be3 Nc6 9. Be2 e5 10. d5 Ne7 11. g4 f5 12. Qb3 e4 13. Ng5 h6 14. 0-0-0 hxg5 15. c5 Nd7 16. d6+ Kh7 17. dxe7 Qxe7 18. h4 gxh4 19. g5 Nf6 20. Rxh4+ Nh5 21. Bxh5 gxh5 22. g6+ 1-0

[Event "Pobeskydy op 41st"]
[Site "Frydek Mistek"]
[Date "2022.04.15"]
[Round "4"]
[White "Novosadova, Kristyna"]
[Black "Zezula, Jakub"]
[Result "1/2-1/2"]
[WhiteElo "2163"]
[BlackElo "1900"]
[PlyCount "120"]
[EventDate "2022.04.14"]
[EventType "swiss"]
[EventRounds "9"]
[EventCountry "CZE"]
[SourceTitle "CBM 207 Extra"]
[Source "ChessBase"]
[SourceDate "2022.05.31"]
[SourceVersion "1"]
[SourceVersionDate "2022.05.31"]
[SourceQuality "1"]

1. e4 e5 2. Nf3 Nc6 3. Bb5 a6 4. Ba4 Nf6 5. 0-0 Be7 6. Re1 b5 7. Bb3 d6 8. c3 0-0 9. h3 Re8 10. d4 Bb7 11. d5 Nb8 12. a4 Nbd7 13. Bc2 Bf8 14. b3 c6 15. c4 Qc7 16. Bg5 h6 17. Bh4 Rec8 18. dxc6 Bxc6 19. axb5 axb5 20. Rxa8 Rxa8 21. Nc3 Qa5 22. Nxb5 Bxb5 23. cxb5 Qxb5 24. Bd3 Qb4 25. Bxf6 Nxf6 26. Bc4 Be7 27. Qd2 Qxd2 28. Nxd2 Bd8 29. Rd1 Ra2 30. Kf1 Bb6 31. b4 Rb2 32. b5 Bc5 33. Bd3 Kf8 34. g4 g5 35. Be2 Ke7 36. f3 Nd7 37. Nc4 Ra2 38. Rb1 Nb6 39. Nb2 f6 40. Nd1 Kd7 41. Nc3 Ra3 42. Nd1 Ra2 43. Rb2 Rxb2 44. Nxb2 Ba3 45. Nd1 Bc5 46. Nc3 Bb4 47. Na2 Bc5 48. Bd3 d5 49. Nc3 d4 50. Ne2 Nc8 51. Ke1 Kc7 52. Ng3 Nd6 53. Nf5 Nxf5 54. exf5 Kb6 55. Kd2 Bb4+ 56. Kc2 Kc5 57. Kb3 Bc3 58. Ka4 Bd2 59. Kb3 Bc3 60. Bf1 Be1 1/2-1/2

[Event "CZE-chT2E 2122"]
[Site "Czech Republic"]
[Date "2022.02.27"]
[Round "9.2"]
[White "Novosadova, Kristyna"]
[Black "Glozar, Petr"]
[Result "1/2-1/2"]
[WhiteElo "2158"]
[BlackElo "2147"]
[PlyCount "158"]
[EventDate "2021.10.17"]
[EventType "team-tourn"]
[EventRounds "11"]
[EventCountry "CZE"]
[SourceTitle "EXT 2024"]
[Source "ChessBase"]
[SourceDate "2023.10.10"]
[SourceVersion "1"]
[SourceVersionDate "2023.10.10"]
[SourceQuality "1"]
[WhiteTeam "Jundrov Jezdci II"]
[BlackTeam "Brno VSK Univ"]
[WhiteTeamCountry "CZE"]
[BlackTeamCountry "CZE"]

1. e4 c5 2. Nf3 Nc6 3. d4 cxd4 4. Nxd4 Nf6 5. Nc3 d6 6. Bg5 e6 7. Qd2 Be7 8. 0-0-0 Bd7 9. f4 Qa5 10. Be2 Rd8 11. Rhf1 a6 12. Kb1 b5 13. Bf3 Qb6 14. Nce2 Na5 15. Ng3 Nc4 16. Qf2 b4 17. Nh5 Nxh5 18. Bxh5 g6 19. Bxe7 Kxe7 20. Be2 Qc7 21. Qh4+ f6 22. Bxc4 Qxc4 23. e5 Rdf8 24. exd6+ Kf7 25. g4 Kg7 26. g5 h6 27. gxf6+ Rxf6 28. Rg1 Rhf8 29. f5 e5 30. b3 Qc8 31. Ne6+ Bxe6 32. fxe6 Qxe6 33. Qxb4 Qd7 34. Qe4 Re6 35. Rd5 Rf4 36. Qd3 Rff6 37. Qxa6 Rxd6 38. Rxd6 Rxd6 39. Qe2 Qe7 40. Qe4 Re6 41. a4 Qc5 42. Rf1 Rc6 43. a5 Rc7 44. a6 Ra7 45. Qf3 Qe7 46. Qc6 Rc7 47. Qb6 Rd7 48. h4 Rd6 49. Qb5 Rd2 50. a7 Qc7 51. Qxe5+ Qxe5 52. a8Q Qc5 53. Qb7+ Kh8 54. Qe4 Kg7 55. h5 gxh5 56. Rf5 Qg1+ 57. Kb2 Qd4+ 58. Qxd4+ Rxd4 59. Kc3 Rd8 60. Rxh5 Kg6 61. Rh2 Rh8 62. b4 Kf6 63. Re2 h5 64. b5 h4 65. Kd4 h3 66. Rh2 Ke6 67. Kc5 Kd7 68. Kb6 Kc8 69. c4 Rh6+ 70. Ka7 Rh7+ 71. Ka6 Kb8 72. c5 Ra7+ 73. Kb6 Rb7+ 74. Kc6 Rc7+ 75. Kd6 Rh7 76. c6 Ka7 77. Ra2+ Kb6 78. Rh2 Rh6+ 79. Kd7 Rh7+ 1/2-1/2

[Event "CZE-chT 2122"]
[Site "Czech Republic"]
[Date "2022.02.13"]
[Round "10.2"]
[White "Babula, Vlastimil"]
[Black "Novosadova, Kristyna"]
[Result "1-0"]
[WhiteElo "2562"]
[BlackElo "2132"]
[PlyCount "67"]
[EventDate "2021.10.15"]
[EventType "team-tourn"]
[EventRounds "15"]
[EventCountry "CZE"]
[SourceTitle "EXT 2023"]
[Source "ChessBase"]
[SourceDate "2022.10.05"]
[SourceVersion "1"]
[SourceVersionDate "2022.10.05"]
[SourceQuality "1"]
[WhiteTeam "Novoborsky"]
[BlackTeam "Frydek Mistek II"]
[WhiteTeamCountry "CZE"]
[BlackTeamCountry "CZE"]

1. d4 Nf6 2. c4 g6 3. Nc3 d5 4. Nf3 Bg7 5. Qb3 dxc4 6. Qxc4 c6 7. e4 0-0 8. Be2 b5 9. Qb3 a5 10. Qc2 Na6 11. Bf4 Bb7 12. 0-0 Rc8 13. Rfd1 Qb6 14. h3 Nd7 15. Rac1 Rfe8 16. Be3 Qc7 17. e5 Nf8 18. Qd2 Qb8 19. a4 b4 20. Ne4 Ne6 21. Bxa6 Bxa6 22. Nc5 Nxc5 23. Rxc5 Bb7 24. Qc2 Qa8 25. Nd2 e6 26. Bg5 Bf8 27. Ne4 h6 28. Nf6+ Kh8 29. Nxe8 Rxe8 30. Bf6+ Kh7 31. Rc4 c5 32. dxc5 Bxg2 33. Rd7 Kg8 34. Rg4 1-0

[Event "Brno IM 10th"]
[Site "Brno"]
[Date "2021.11.23"]
[Round "3"]
[White "Novosadova, Kristyna"]
[Black "Fiedorek, Michal"]
[Result "1-0"]
[WhiteElo "2150"]
[BlackElo "2336"]
[PlyCount "75"]
[EventDate "2021.11.21"]
[EventType "tourn"]
[EventRounds "9"]
[EventCountry "CZE"]
[EventCategory "3"]
[SourceTitle "CBM 205 Extra"]
[Source "ChessBase"]
[SourceDate "2022.01.31"]
[SourceVersion "1"]
[SourceVersionDate "2022.01.31"]
[SourceQuality "1"]

1. e4 c5 2. Nf3 Nc6 3. Nc3 d6 4. Bb5 Bd7 5. a4 g6 6. d3 Bg7 7. Bd2 Nf6 8. Qc1 0-0 9. Bxc6 Bxc6 10. Bh6 Qd7 11. h3 b6 12. 0-0 a6 13. Bxg7 Kxg7 14. Nh4 b5 15. axb5 axb5 16. Rxa8 Rxa8 17. f4 Qc7 18. Ne2 b4 19. f5 c4 20. fxg6 hxg6 21. Qg5 Bd7 22. d4 Ra5 23. d5 Qd8 24. Ng3 Kh7 25. Rf4 Qb6+ 26. Kh2 Ra1 27. Nf3 Kg7 28. Rxf6 exf6 29. Nh5+ Kf8 30. Nxf6 Bb5 31. e5 dxe5 32. Qxe5 Rd1 33. Ne4 Kg8 34. d6 Qa6 35. Nfg5 Qa1 36. Nf6+ Kf8 37. Qe7+ Kg7 38. Ne6+ 1-0

[Event "Brno IM 10th"]
[Site "Brno"]
[Date "2021.11.23"]
[Round "4"]
[White "Novosadova, Kristyna"]
[Black "Sabuk, Piotr"]
[Result "0-1"]
[WhiteElo "2150"]
[BlackElo "2398"]
[PlyCount "34"]
[EventDate "2021.11.21"]
[EventType "tourn"]
[EventRounds "9"]
[EventCountry "CZE"]
[EventCategory "3"]
[SourceTitle "CBM 205 Extra"]
[Source "ChessBase"]
[SourceDate "2022.01.31"]
[SourceVersion "1"]
[SourceVersionDate "2022.01.31"]
[SourceQuality "1"]

1. e4 c6 2. d4 d5 3. Nc3 dxe4 4. Nxe4 Nf6 5. Nxf6+ exf6 6. Nf3 Bg4 7. Be2 Bd6 8. Be3 0-0 9. Nh4 Bxe2 10. Qxe2 f5 11. Qh5 g6 12. Qh6 Re8 13. g4 Bf8 14. Qf4 Qxh4 15. 0-0-0 Qxg4 16. Qc7 Na6 17. Qa5 Nb4 0-1

[Event "CZE-chT2E 2122"]
[Site "Czech Republic"]
[Date "2021.10.17"]
[Round "1.2"]
[White "Novosadova, Kristyna"]
[Black "Slepov, Kyryl"]
[Result "1-0"]
[WhiteElo "2158"]
[BlackElo "2028"]
[PlyCount "55"]
[EventDate "2021.10.17"]
[EventType "team-tourn"]
[EventRounds "11"]
[EventCountry "CZE"]
[SourceTitle "EXT 2024"]
[Source "ChessBase"]
[SourceDate "2023.10.10"]
[SourceVersion "1"]
[SourceVersionDate "2023.10.10"]
[SourceQuality "1"]
[WhiteTeam "Jundrov Jezdci II"]
[BlackTeam "Jundrov Jezdci"]
[WhiteTeamCountry "CZE"]
[BlackTeamCountry "CZE"]

1. e4 e5 2. Nf3 Nc6 3. d4 exd4 4. Bc4 Nf6 5. e5 d5 6. Bb5 Ne4 7. Nxd4 Bc5 8. 0-0 0-0 9. Bxc6 bxc6 10. f3 f6 11. b4 Bb6 12. exf6 Qxf6 13. Be3 Nd6 14. c3 a5 15. bxa5 Rxa5 16. Nd2 Ba6 17. Re1 Nc4 18. Nxc4 Bxc4 19. Bf2 Ra3 20. Re6 Qf7 21. Qe1 c5 22. Re7 Qg6 23. Ne6 Re8 24. Nxc7 Rxe7 25. Qxe7 h6 26. Re1 Kh7 27. Ne6 Qf6 28. Qe8 1-0